000 00242nam a2200109Ia 4500
100 _aYADAV/R.
942 _cBK
245 _aFUND.OF ENGG.THERMODYNAMICS
260 _bCENTRAL PUBLICATION
_aAllahabad
_c2009
300 _a1047
546 _aENGLISH
999 _c30327
_d30327